00904nam a2200265 a 4500001001300000003000900013005001700022008004100039020001000080082001300090100001800103245004800121260003000169300000900199500003500208505004100243505010700284650001700391700001800408902000800426942000700434952009100441952009100532999001500623nice12345678IN_TiNIC20260116011545.0050524s1829 lona grp 000 0 eng  ac10000a955bMAL aMalcolm, John aHistoryof Persia from the Most Early Period aLondonbJohn Murrayc1829 a555p aincludes index and biblioraphy2 aIll, Numerous Illusrations and a Map2 aIll, Numerous Illusrations and a Map00gV1.tHistoryof Persia from the Most Early Period.--gV2.tHist aIran-History1 aMalcolm, John bSRS cBK 00104070aHMIbHMId0000-00-00g100.00l0o955 MALp431r0000-00-00w2026-01-16yEB 00104070aHMIbHMId0000-00-00g100.00l0o955 MALp432r0000-00-00w2026-01-16yEB c2595d2595